Statistics for Nationalities Vocab - Spanish

Click here to take the quiz!

General Stats

  • This quiz has been taken 64 times
  • The average score is 12 of 25

Answer Stats

HintAnswer% Correct
germanel alemán
100%
spanishel español
100%
frenchel francés
100%
englishel inglés
100%
italianel italiano
100%
mexicanel mexicano
100%
portugeeseel portugués
100%
russianel ruso
100%
japaneseal japonés
50%
brasilianel brasileño
50%
US nationalel estadosunidense
50%
polishel polaco
50%
swedishel sueco
50%
swissel suizo
50%
ukrainianel ucranio
50%
nacionalitieslas nacionalidades
50%
argentinianal argentino
0%
australianel australiano
0%
canadianel canadiense
0%
chileanel chileno
0%
chineseel chino
0%
koreanel coreano
0%
welshel galés
0%
nigerianel nigeriano
0%
uruguayanel uruguayo
0%

Score Distribution

Percentile by Number Answered

Percent of People with Each Score

Your Score History

You have not taken this quiz